000
00225nam a22000857a 4500
008
160916b xxu||||| |||| 00| 0 eng d
100
_9
585
_a
Kumar.H.etal
245
_a
Mega Computers-IV
260
_a
New Delhi
_b
P.P. publications
_c
2007
999
_c
3241
_d
3241